सुलगते चिनार / (Record no. 115582)

MARC details
000 -LEADER
fixed length control field 00944nam a22002537a 4500
005 - DATE AND TIME OF LATEST TRANSACTION
control field 20170124103026.0
010 ## - LIBRARY OF CONGRESS CONTROL NUMBER
LC control number A-692418
020 ## - INTERNATIONAL STANDARD BOOK NUMBER
Terms of availability 75.00
035 ## - SYSTEM CONTROL NUMBER
System control number A-692418
037 ## - SOURCE OF ACQUISITION
Source of stock number/acquisition Cen Lib/Ret
040 ## - CATALOGING SOURCE
Original cataloging agency DPL
Language of cataloging HN
082 ## - DEWEY DECIMAL CLASSIFICATION NUMBER
Classification number
Item number शर्माजे
100 ## - MAIN ENTRY--PERSONAL NAME
Personal name शर्मा, जे.पी.
9 (RLIN) 62100
245 ## - TITLE STATEMENT
Title सुलगते चिनार /
Statement of responsibility, etc जे.पी. शर्मा
246 ## - VARYING FORM OF TITLE
Title proper/short title Sulagte chinar /
Remainder of title by J.P. Sharma
260 ## - PUBLICATION, DISTRIBUTION, ETC. (IMPRINT)
Place of publication, distribution, etc नयी दिल्ली
Name of publisher, distributor, etc सुयोग्य प्रकाशन
Date of publication, distribution, etc 1994
270 ## - ADDRESS
City नयी दिल्ली
Address W-116, ग्रेटर कैलाश-1
Postal code 110048
300 ## - PHYSICAL DESCRIPTION
Extent 188पृ.
Dimensions 17सेमी(सजिल्द)
650 ## - SUBJECT ADDED ENTRY--TOPICAL TERM
Topical term or geographic name as entry element हिन्दी साहित्य
9 (RLIN) 62101
650 ## - SUBJECT ADDED ENTRY--TOPICAL TERM
Topical term or geographic name as entry element उपन्यास
9 (RLIN) 62102
650 ## - SUBJECT ADDED ENTRY--TOPICAL TERM
Topical term or geographic name as entry element Hindi literature
9 (RLIN) 62103
650 ## - SUBJECT ADDED ENTRY--TOPICAL TERM
Topical term or geographic name as entry element Fiction
9 (RLIN) 8901
942 ## - ADDED ENTRY ELEMENTS (KOHA)
Source of classification or shelving scheme Dewey Decimal Classification
Koha item type Hindi Books
Classification part
Call number suffix शर्माजे
Holdings
Withdrawn status Lost status Damaged status Not for loan Home library Current library Date acquired Source of acquisition Cost, normal purchase price Total Checkouts Full call number Barcode Date last seen Copy number Cost, replacement price Price effective from Koha item type Date checked out
        Central Library Central Library 21/08/2015 Cen Lib/Ret 75.00   उ शर्माजे A-692418 21/08/2015 1 75.00 21/08/2015 Hindi Books  
        Central Library Central Library 22/08/2015 Cen Lib/Ret 75.00 1 उ शर्माजे A-692417 04/07/2017 1 75.00 22/08/2015 Hindi Books 29/06/2017

© Delhi Public Library
Hit Counter
free hit counter